000
00261nam a2200097Ia 4500
001
1146279
005
20250827010248.0
008
250824s9999 xx 000 0 und d
245
0
_a
YILDIZ MASALI
_c
NURİ SAĞLAM
260
_b
MİLLİ EĞİTİM BAKANLIĞI YAYINLARI
999
_c
1146279
_d
1146279